| 000 | 00465cam a2200193ua 4500 | ||
|---|---|---|---|
| 001 | 839 | ||
| 005 | 20260515113230.0 | ||
| 008 | 110421n ii |||gr||||Z||||||eng | ||
| 040 | _cMAIN | ||
| 082 | _a320.3 | ||
| 245 | 1 | 0 |
_aComparative politics _cby J.C. Johari |
| 250 | _a3rd. | ||
| 260 |
_aNew Delhi: _bSterling,982. |
||
| 300 |
_a600p.: _c25cm. |
||
| 653 | _aPolitical science | ||
| 653 | _aComparative politics | ||
| 700 |
_aJohari, J.C., _eAuthor. |
||
| 942 | _cBK | ||
| 999 |
_c763 _d763 |
||